Aplikácia 4D alarm pre platformu WP8

Salvato in:
Dettagli Bibliografici
Autore principale: Sedláček, Marek, 1987- (Autore)
Altri autori: Vargic, Radoslav, 1972- (Relatore della tesi)
Natura: Manoscritto Libro
Lingua:slovacco
Pubblicazione: Bratislava : STU v Bratislave FEI, 2013
Soggetti:
Accesso online:VAIS
Tags: Aggiungi Tag
Nessun Tag, puoi essere il primo ad aggiungerne!!

MARC

LEADER 00000ntm a22000003a 4500
001 stu270558
005 20170609101431.5
008 130709s2013----xo------------------slo-d
040 |a STU  |b slo 
041 0 |a slo 
044 |a xo 
100 1 |a Sedláček, Marek,  |d 1987-  |4 aut  |u E  |T FEI Fakulta elektrotechniky a informatiky  |X 36772  |U E  |Y 30  |7 A000036772 
242 0 0 |a Application 4D alarm for mobile platform WP8  |y eng 
245 1 |a Aplikácia 4D alarm pre platformu WP8 
260 |a Bratislava :  |b STU v Bratislave FEI,  |c 2013 
300 |a 78 s  |c 1 príl. 
650 7 |a Aplikovaná informatika  |2 stusub 
650 7 |a Applied Infromatics  |2 estusub 
650 7 |a GPS  |2 stusub 
650 7 |a GPS  |2 estusub 
650 7 |a webové služby  |2 stusub 
650 7 |a GPS  |2 stusub 
650 7 |a GPS  |2 estusub 
700 1 |a Vargic, Radoslav,  |d 1972-  |4 ths  |u E070  |U FEI Fakulta elektrotechniky a informatiky  |T FEI Ústav telekomunikácií  |X 1918  |U E070  |Y 818  |7 A000001918 
856 4 |a info a plný text  |u http://is.stuba.sk/zp/portal_zp.pl?podrobnosti=92300  |3 VAIS 
996 |b 284EP10498  |c E*DIPL-10498  |l EE35  |s P  |a 0  |w stu270558_0001